01146nam a2200193Ia 4500001001100000003001000011008004100021040002500062041001300087100002700100245006200127250001100189260005900200300002800259500026400287501011400551520026400665650002300929L250-16854IT-CnALBA170116s9999||||xx |||||||||||||| ||und|| aIT-CnALBAcIT-CnALBA aITALIANO aANCEL ALFRED, VESCOVO. 0aCINQUE ANNI CON GLI OPERAI. TESTIMONIANZE E RIFLESSIONI.  a1a ed. a FIRENZEbVALLECCHI A. - EDITORE c1964 [1° Ed.:1964] a478 p. (prefazione: 30) aTRADUZIONE DAL FRANCESE. LA COMUNITÀ DI GERLAND. DOCUMENTI. LETTERA AI PRETI OPERAI. ARTICOLO DI LA REPUBLIQUE. ORIENTAMENTO E DIRETTIVE PER LE COMUNITÀ PRADOSIANE. MONDO OPERAIO. LINGUAGGIO, ANIMA OPERAIA. INFLUENZE NEL MONDO OPERAIO. CRISTIANESIMO. PRES aSocietà San Paolo EM - Piazza San Paolo, 14 - 12051 ALBA (CN) (non commercial uses only) ® Copyright 2017 aTRADUZIONE DAL FRANCESE. LA COMUNITÀ DI GERLAND. DOCUMENTI. LETTERA AI PRETI OPERAI. ARTICOLO DI LA REPUBLIQUE. ORIENTAMENTO E DIRETTIVE PER LE COMUNITÀ PRADOSIANE. MONDO OPERAIO. LINGUAGGIO, ANIMA OPERAIA. INFLUENZE NEL MONDO OPERAIO. CRISTIANESIMO. PRES aTEOLOGIA PASTORALE